000 00306nam a22001337a 4500
008 170929b xxu||||| |||| 00| 0 eng d
020 _a9780814726341
041 _aeng
080 _a37
100 _a47
101 _aEDU
245 _aTHE EDUCATION OF THE SOUTHERN BELLE
_cFARNHAM,CH,A
942 _2udc
_cBK
999 _c30754
_d30754